Statistics for Rock Band Lead Singers 2

Click here to take the quiz!

General Stats

  • This quiz has been taken 62 times
    (43 since last reset)
  • The average score is 9 of 28

Answer Stats

BandLead Singer% Correct
Black SabbathOzzy Osbourne
87%
Foo FightersDave Grohl
82%
WingsPaul McCartney
69%
Pink FloydSyd Barrett / Rodger Waters / David Gilmour
67%
The CureRobert Smith
51%
AC / DC (Pre 1980)Bon Scott
46%
AC / DC (Post 1980)Brian Johnson
41%
Derek and the DominosEric Clapton
41%
The SmithsMorrissey
41%
WeezerRivers Cuomo
38%
BlurDamon Albarn
31%
BlondieDebbie Harry
28%
ParamoreHayley Williams
28%
The StoogesIggy Pop
28%
My Chemical RomanceGerard Way
26%
Gorillaz2D
23%
Arctic MonkeysAlex Turner
23%
Joy DivisionIan Curtis
23%
The StrokesJulian Casablancas
23%
Dire StraitsMark Knopfler
23%
The KillersBrandon Flowers
21%
Electric Light OrchestraJeff Lynne
18%
The KinksRay Davies
18%
PixiesBlack Francis
13%
Florence and the MachineFlorence Welch
13%
T. RexMarc Bolan
13%
The DarknessJustin Hawkins
8%
King Gizzard and the Lizard WizardStu Mackenzie
8%

Score Distribution

Percentile by Number Answered

Percent of People with Each Score

Your Score History

You have not taken this quiz since the last reset